Marienlieder : für gemischten Chor, op. 22 /

Bibliographic Details
Main Author: Brahms, Johannes, 1833-1897
Format: Musical Score Book
Language:German
Published: Frankfurt ; New York : Peters, [1979?]
Subjects:

MARC

Tag First Indicator Second Indicator Subfields
LEADER 00000ccm a2200000ua 4500
001 in00001407044
005 20151020073107.0
008 880425q1979 gw sga n ger d
028 2 2 |a 10092  |b Peters 
028 3 2 |a Edition Peters EP Nr. 3658  |b Peters 
035 |a (OCoLC)18858138 
035 |9 AHQ4014AM 
040 |a HMU  |c HMU  |d TXA  |d UtOrBLW 
045 0 |b d1859 
048 |a ca04 
049 |a TXAM 
090 |a M2092.B8  |b op.22 1979 
100 1 |a Brahms, Johannes,  |d 1833-1897. 
240 1 0 |a Marienlieder 
245 1 0 |a Marienlieder :  |b für gemischten Chor, op. 22 /  |c Brahms. 
264 1 |a Frankfurt ;  |a New York :  |b Peters,  |c [1979?] 
300 |a 1 score (17 pages) ;  |c 27 cm. 
336 |a notated music  |b ntm  |2 rdacontent 
337 |a unmediated  |b n  |2 rdamedia 
338 |a volume  |b nc  |2 rdacarrier 
500 |a Words in German. 
650 0 |a Choruses, Sacred (Mixed voices), Unaccompanied  |x Scores. 
948 |a c:jlg 
999 |a MARS 
999 f f |s 204f58b9-85c0-3be6-8356-1a581f3a2db1  |i 9ebdc2d0-4a6e-3f76-aea2-653bc2d9e88a  |t 0 
952 f f |p ric  |a Texas A&M University  |b Rellis Campus  |c Joint Library Facility  |d Remote Storage  |t 0  |e M2092.B8 op.22 1979  |h Library of Congress classification  |i unmediated -- volume  |m A14823305345 
998 f f |a M2092.B8 op.22 1979  |t 0  |l Remote Storage